000 00714nam a22001337a 4500
040 _cRUA
082 _aAGR KRY 2016 B579 Or.1
100 _aKRY TAING Y គ្រី តាំងអុី
245 _aeffect of pre-soaking seed duration on growth and yield of helianthus annuus microgreen ឥទ្ធិពលនៃរយះពេល​ត្រាំត្រាប៉ទៅលើការលូតលាស៉និងទិន្នផលរបស៉បន្លែពន្លក ផ្កាឈូករ័ត្ន
260 _aphnom penh
_bRUA
_c2016
300 _aviii;30;
_billl;
_c29cm;
856 _uhttps://drive.google.com/file/d/1vUc97dwzOmZRG3td1G4Ku5TFoF_raH6Z/view?usp=sharing
942 _cAGR
999 _c15280
_d15280